000
00289nam a2200121Ia 4500
008
190216s9999||||xx |||||||||||||| ||und||
100
_a
Saxena
245
0
_a
Principles & Practice Of Management
260
_b
New Central Book Agencies
300
_a
716p
650
_a
Commerce
942
_c
BK
999
_c
5304
_d
5304